000236605 001__ 236605
000236605 005__ 20230317222754.0
000236605 037__ $$aGSI-2020-01326
000236605 041__ $$aGerman
000236605 1001_ $$0P:(DE-HGF)0$$aTavana$$b0$$eCorresponding author$$gfemale
000236605 245__ $$aUntersuchung photonuklearer Reaktionen in relativistischen Laser-Materie-Wechselwirkungen am PHELIX-Lasersystem
000236605 260__ $$c2020
000236605 300__ $$a76 p.
000236605 3367_ $$2DataCite$$aOutput Types/Supervised Student Publication
000236605 3367_ $$02$$2EndNote$$aThesis
000236605 3367_ $$2BibTeX$$aMASTERSTHESIS
000236605 3367_ $$2DRIVER$$amasterThesis
000236605 3367_ $$0PUB:(DE-HGF)19$$2PUB:(DE-HGF)$$aMaster Thesis$$bmaster$$mmaster$$s1607597382_30005
000236605 3367_ $$2ORCID$$aSUPERVISED_STUDENT_PUBLICATION
000236605 502__ $$aMasterarbeit, Goethe Universität Frankfurt, 2020$$bMasterarbeit$$cGoethe Universität Frankfurt$$d2020
000236605 536__ $$0G:(DE-HGF)POF3-6211$$a6211 - Extreme States of Matter: From Cold Ions to Hot Plasmas (POF3-621)$$cPOF3-621$$fPOF III$$x0
000236605 693__ $$0EXP:(DE-Ds200)P176-20200803$$1EXP:(DE-Ds200)PTA-20200803$$5EXP:(DE-Ds200)P176-20200803$$aPTA$$eP176: Interaction of relativistic laser pulses with near critical plasma for optimisation of the (POF3-6211; PTA)$$x0
000236605 8564_ $$uhttps://repository.gsi.de/record/236605/files/Tavana_Masterarbeit.pdf$$yRestricted
000236605 8564_ $$uhttps://repository.gsi.de/record/236605/files/Tavana_Masterarbeit.gif?subformat=icon$$xicon$$yRestricted
000236605 8564_ $$uhttps://repository.gsi.de/record/236605/files/Tavana_Masterarbeit.jpg?subformat=icon-1440$$xicon-1440$$yRestricted
000236605 8564_ $$uhttps://repository.gsi.de/record/236605/files/Tavana_Masterarbeit.jpg?subformat=icon-180$$xicon-180$$yRestricted
000236605 8564_ $$uhttps://repository.gsi.de/record/236605/files/Tavana_Masterarbeit.jpg?subformat=icon-640$$xicon-640$$yRestricted
000236605 909CO $$ooai:repository.gsi.de:236605$$pVDB
000236605 9131_ $$0G:(DE-HGF)POF3-621$$1G:(DE-HGF)POF3-620$$2G:(DE-HGF)POF3-600$$3G:(DE-HGF)POF3$$4G:(DE-HGF)POF$$9G:(DE-HGF)POF3-6211$$aDE-HGF$$bForschungsbereich Materie$$lVon Materie zu Materialien und Leben$$vIn-house research on the structure, dynamics and function of matter$$x0
000236605 9132_ $$0G:(DE-HGF)POF4-631$$1G:(DE-HGF)POF4-630$$2G:(DE-HGF)POF4-600$$3G:(DE-HGF)POF4$$4G:(DE-HGF)POF$$aDE-HGF$$bForschungsbereich Materie$$lFrom Matter to Materials and Life$$vMatter – Dynamics, Mechanisms and Control$$x0
000236605 9141_ $$y2020
000236605 920__ $$lyes
000236605 9201_ $$0I:(DE-Ds200)PPH-20051214OR027$$kPPH$$lPlasmaphysik / PHELIX$$x0
000236605 980__ $$amaster
000236605 980__ $$aVDB
000236605 980__ $$aI:(DE-Ds200)PPH-20051214OR027
000236605 980__ $$aUNRESTRICTED